000 00500nam a2200181Ia 4500
999 _c37073
_d37073
003 OSt
005 20210125140217.0
008 190216s9999||||xx |||||||||||||| ||und||
020 _a9788174821478
040 _coclc
082 _a380
_bKOL/U
100 _aKoli, L N
_98432
245 0 _aUGC- NET / JRF / SET Commerce Paper III /
_cL N Koli
260 _bUpkar Prakashan,
_c2011.
_aAgra:
300 _a639p
650 _aCommerce
942 _cREF
_2ddc
_h380
_iKOL/U
_k380
_mKOL/U